000 01333pam a2200325 a 4500
999 _c6917
_d6917
001 690058
003 OSt
005 20210510103644.0
008 960429s1998 enka b 001 0 eng
010 _a 96018908
020 _a0521580226 (hbk)
020 _a0521646510 (pbk.)
040 _aDLC
_cDLC
_dDLC
050 0 0 _aQH344
_b.A35 1998
082 0 0 _a514.5AGR 1996
100 1 _aÅgren, Göran I.
_914186
245 1 0 _aTheoretical ecosystem ecology :
_bunderstanding element cycles /
_cGöran Ågren & Ernesto Bosatta.
260 _aCambridge ;
_aNew York, NY :
_bCambridge University Press,
_c1996
300 _axvi, 234 p. :
_bill.. ;
_c23 cm.
504 _aIncludes bibliographical references (p. [201]-221) and index.
650 0 _aBiogeochemical cycles
_xMathematical models.
_914187
650 0 _aPlant ecophysiology
_xMathematical models.
_914188
650 0 _aSoil ecology
_xMathematical models.
_914189
700 1 _aBosatta, Ernesto.
_914190
856 4 2 _3Publisher description
_uhttp://www.loc.gov/catdir/description/cam027/96018908.html
856 4 1 _3Table of contents
_uhttp://www.loc.gov/catdir/toc/cam025/96018908.html
906 _a7
_bcbc
_corignew
_d1
_eocip
_f19
_gy-gencatlg
942 _2ddc
_cO_SHELF